Handbook of psychological assessment / (Record no. 2372)
[ view plain ]
| 000 -LEADER | |
|---|---|
| fixed length control field | 01755cam a22003371a 4500 |
| 001 - CONTROL NUMBER | |
| control field | 15375460 |
| 003 - CONTROL NUMBER IDENTIFIER | |
| control field | OSt |
| 005 - DATE AND TIME OF LATEST TRANSACTION | |
| control field | 20180117085939.0 |
| 008 - FIXED-LENGTH DATA ELEMENTS--GENERAL INFORMATION | |
| fixed length control field | 080722s2009 njua b 001 0 eng |
| 010 ## - LIBRARY OF CONGRESS CONTROL NUMBER | |
| LC control number | 2008032243 |
| 020 ## - INTERNATIONAL STANDARD BOOK NUMBER | |
| International Standard Book Number | 9780470083581 (cloth) |
| 040 ## - CATALOGING SOURCE | |
| Original cataloging agency | DLC |
| Transcribing agency | DLC |
| Modifying agency | DLC |
| 050 00 - LIBRARY OF CONGRESS CALL NUMBER | |
| Classification number | BF176 |
| Item number | .G76 2009 |
| 082 00 - DEWEY DECIMAL CLASSIFICATION NUMBER | |
| Classification number | 150.28/7 |
| Edition number | 22 |
| 100 1# - MAIN ENTRY--PERSONAL NAME | |
| Personal name | Groth-Marnat, Gary. |
| 245 10 - TITLE STATEMENT | |
| Title | Handbook of psychological assessment / |
| Statement of responsibility, etc. | Gary Groth-Marnat. |
| 250 ## - EDITION STATEMENT | |
| Edition statement | 5th ed. |
| 260 ## - PUBLICATION, DISTRIBUTION, ETC. | |
| Place of publication, distribution, etc. | Hoboken, N.J. : |
| Name of publisher, distributor, etc. | John Wiley & Sons, Inc., |
| Date of publication, distribution, etc. | c2009. |
| 300 ## - PHYSICAL DESCRIPTION | |
| Extent | xiv, 753 p. : |
| Other physical details | ill. ; |
| Dimensions | 26 cm. |
| 504 ## - BIBLIOGRAPHY, ETC. NOTE | |
| Bibliography, etc. note | Includes bibliographical references (p. 637-716) and indexes. |
| 650 #0 - SUBJECT ADDED ENTRY--TOPICAL TERM | |
| Topical term or geographic name entry element | Psychological tests. |
| 650 #0 - SUBJECT ADDED ENTRY--TOPICAL TERM | |
| Topical term or geographic name entry element | Personality assessment. |
| 856 41 - ELECTRONIC LOCATION AND ACCESS | |
| Materials specified | Table of contents only |
| Uniform Resource Identifier | <a href="http://www.loc.gov/catdir/toc/fy0904/2008032243.html">http://www.loc.gov/catdir/toc/fy0904/2008032243.html</a> |
| 906 ## - LOCAL DATA ELEMENT F, LDF (RLIN) | |
| a | 7 |
| b | cbc |
| c | orignew |
| d | 1 |
| e | ecip |
| f | 20 |
| g | y-gencatlg |
| 942 ## - ADDED ENTRY ELEMENTS (KOHA) | |
| Source of classification or shelving scheme | |
| Koha item type | Book |
| Withdrawn status | Lost status | Source of classification or shelving scheme | Damaged status | Not for loan | Collection code | Permanent Location | Current Location | Shelving location | Date acquired | Total Checkouts | Total Renewals | Full call number | Barcode | Date last seen | Date last checked out | Price effective from | Koha item type | Checked out |
|---|---|---|---|---|---|---|---|---|---|---|---|---|---|---|---|---|---|---|
| Central Library (CL) | Central Library (CL) | General Stacks | 06/23/2015 | 8 | 2 | 150.28/7 MAR | S3H-S-296 | 01/21/2023 | 01/21/2023 | 06/23/2015 | Book | |||||||
| Central Library (CL) | Central Library (CL) | General Stacks | 03/09/2016 | 1 | 150.28/7 MAR | S3H-S-297 | 10/17/2018 | 10/17/2018 | 03/09/2016 | Book | 02/14/2019 | |||||||
| Central Library (CL) | Central Library (CL) | General Stacks | 03/24/2016 | 4 | 1 | 150.28/7 MAR | S3H-S-299 | 12/21/2023 | 10/05/2023 | 03/24/2016 | Book | |||||||
| Central Library (CL) | Central Library (CL) | General Stacks | 03/24/2016 | 8 | 13 | 150.28/7 MAR | S3H-S-298 | 12/09/2024 | 11/20/2024 | 03/24/2016 | Book |
